| 000 | 00663nam a22001937a 4500 | ||
|---|---|---|---|
| 999 |
_c193012 _d193012 |
||
| 005 | 20221012171743.0 | ||
| 010 | _aB-745958 | ||
| 020 |
_a9789353228712 _c225.00 |
||
| 035 | _aB-745958 | ||
| 037 | _bPrabhat Paperbacks | ||
| 082 | _a000 | ||
| 245 |
_aSBI(State Bank of India) Clerk Junior Associates: _b(customer support & sales) preliminary examination-2020 practice sets/ |
||
| 260 |
_aNew Delhi _bPrabhat Paperbacks |
||
| 270 |
_a4/19 Asaf Ali Road, _bNew Delhi _e110002 |
||
| 300 |
_a215p. _c28cm (pbk) |
||
| 700 | _a. | ||
| 942 |
_2ddc _cEN _mSBI _h000 |
||